000 00924nmm a2200325 a 4500
003 AR-BaBNM
005 20251128205910.0
008 058019s1994 ||||||||||||||000 | spa||
020 _a950-9896-59-4
040 _cAR-BaBNM
100 1 _aGriffoi, Lucio
245 1 0 _aTalleres creativos
_bestudios sociales 1er ciclo
250 _a1ยช ed.
260 _aBuenos Aires
_bEdiciones Docentes Argentinas
_c1994
300 0 _a346 p.
_bil.
650 4 _aCREATIVIDAD
650 4 _aESTUDIOS SOCIALES
650 4 _aDESARROLLO DE LA CREATIVIDAD
650 4 _aJUEGOS EDUCATIVOS
650 4 _aACTIVIDADES INTEGRADAS
650 4 _aACTIVIDADES DE APRENDIZAJE
650 4 _aAPRENDIZAJE MEDIANTE EL DESCUBRIMIENTO
653 0 _aEDUCACION GENERAL BASICA
653 0 _aCONTENIDOS BASICOS COMUNES
653 0 _aTALLERES EDUCATIVOS
653 0 _aAULA-TALLER
700 1 _aWapner, David
942 _cBK
998 _cCarmen
999 _c13205
_d13205